[Event "EWIBCC 2019"]
[Site "Monte-Carlo"]
[Date "2019.11.29"]
[Round "3.7"]
[White "Benmesbah, Natacha"]
[Black "Girya, Olga"]
[Result "1/2-1/2"]
[WhiteElo "2265"]
[BlackElo "2476"]
[Annotator "TA"]
[PlyCount "139"]
[EventDate "2019.11.29"]
[EventType "swiss"]
[EventCountry "MNC"]
[SourceTitle "playchess.com"]
[Source "ChessBase"]
[SourceQuality "1"]

{[%evp 10,139,39,19,21,16,41,20,26,3,3,8,3,12,-7,-54,0,-7,17,22,45,0,0,0,0,-14,0,0,52,52,62,34,30,0,0,-7,10,11,70,10,47,12,59,53,58,67,59,53,63,58,150,149,138,144,138,141,129,120,245,240,216,179,220,139,143,151,149,139,144,142,141,147,130,112,196,196,206,178,188,106,206,208,206,198,173,168,334,324,308,288,454,286,293,204,207,33,33,34,67,0,7,0,41,7,7,8,2,8,8,0,0,0,0,0,0,0,0,-6087,0,-125,0,0,0,-147,-166,-889,0,0,0,0,0,0]} 1. e4 c6 2. Nc3 d5 3. Nf3 Bg4 4. h3 Bxf3 5. Qxf3 Nf6 6. Be2 e6 {B11: Caro-Kann: Two Knights Variation} 7. O-O Bc5 8. Rd1 Bd4 9. Qf4 Bxc3 $146 (9... e5 10. Qg3 dxe4 11. d3 exd3 12. Bxd3 Nbd7 13. Ne2 O-O 14. Bf5 Nc5 15. Bh6 Nh5 16. Qg4 Qd6 17. Qxh5 Qxh6 18. Qxh6 gxh6 19. c3 {1-0 (19) Vachier Lagrave,M (2775)-Navara,D (2734) Riga 2019}) 10. bxc3 {White wants to play Rb1.} Nxe4 11. Ba3 Nd7 12. Bf3 Qa5 13. Bb4 Qb6 (13... Qa4 {seems wilder.} 14. Bxe4 dxe4 15. Bd6 Qxc2 16. Rdb1 b6) 14. Bxe4 dxe4 15. Qxe4 (15. Bd6 {looks sharper.} c5 16. d4 g5 17. Qg3 f6 18. dxc5 Qc6 19. Qe3) 15... c5 16. Ba3 $40 {[%mdl 128] White mounts an attack.} Qa6 17. Bb2 Nf6 18. Qe5 Qc6 (18... c4 $11) 19. c4 $14 O-O 20. Rab1 (20. d3 {with more complications.} Rad8 21. Re1 Ne8 22. a4 Rd6 23. f4) 20... b6 21. Ba1 Ne8 22. Re1 Rd8 23. d3 Qc7 ({Black should play} 23... Rd7 $11) 24. Qh5 (24. Qxc7 $14 Nxc7 25. Be5) 24... Rd7 25. Re3 Qd8 26. Qg4 Rd6 27. Rbe1 Qd7 28. Be5 Rc6 29. Bc3 f6 (29... Kh8 $14) 30. Rxe6 $16 Rxe6 31. Qxe6+ Qxe6 32. Rxe6 {[%mdl 4096] Endgame KRB-KRN} Nc7 33. Re7 Rc8 (33... Rf7 $16 34. Re1 Rf8) 34. f3 $18 a6 35. Rd7 Kf8 36. Rd6 Rb8 {next ...Ke7 is good for Black.} 37. Rc6 Ne8 38. Be1 Ke7 39. Bg3 Rb7 40. Rc8 $1 Kd7 41. Ra8 a5 (41... b5 $16) 42. a4 Nc7 43. Rg8 Ne6 44. Rh8 (44. Kf2 $18) 44... h6 (44... Nd4 $16) 45. c3 Ke7 {intending ...Rd7.} 46. Kf2 Rd7 47. Ke3 Rb7 $2 (47... Nf8 {keeps fighting.} 48. f4 Kf7) 48. Rb8 Rxb8 49. Bxb8 {KB-KN} f5 (49... Kd7 $142 50. Ke4 g6) 50. f4 Kd7 51. d4 Nd8 {[#]} 52. dxc5 $2 (52. g4 $1 $18) 52... bxc5 $14 53. Be5 Ne6 54. Bb8 (54. g4 $14 g6 55. Kf3) 54... Kc6 55. Be5 g6 56. g4 {Threatening Kf3.} h5 57. gxh5 gxh5 58. Kf3 {Strongly threatening Kg3.} Nf8 59. Kg3 {Black must now prevent Kh4.} Ng6 60. Bb8 Kb7 61. Be5 Kc6 62. Kf3 Kd7 63. Ke3 $2 {[%mdl 8192]} (63. Bg7 $11) 63... Kc6 $2 ({Black should try} 63... Nxe5 $19 64. Kd2 Nxc4+ 65. Kc2 Nb6) 64. Bb8 (64. Bf6 $11 {keeps the balance.}) 64... Kb7 (64... Nf8 $17 {aiming for ...Nd7.} 65. Be5 Nd7) 65. Bd6 Kc6 66. Bb8 (66. Be5 $11 {remains equal.}) 66... Nf8 $17 {[%mdl 1024] Black has strong compensation.} 67. Kf3 $2 {[#]} (67. Be5) 67... Ng6 $2 ({Better is} 67... Nd7 $1 $19 68. Be5 Nb6) 68. Kg3 {The position is equal.} Kb7 69. Bd6 Kc6 70. Bb8 {Accuracy: White = 42%, Black = 42%.} 1/2-1/2

[Event "EWIBCC 2019"]
[Site "Monte-Carlo"]
[Date "2019.11.29"]
[Round "3.8"]
[White "Worek, Joanna"]
[Black "Michna, Marta"]
[Result "0-1"]
[WhiteElo "2316"]
[BlackElo "2366"]
[Annotator "NA"]
[PlyCount "124"]
[EventDate "2019.11.29"]
[EventType "swiss"]
[EventCountry "MNC"]
[SourceTitle "playchess.com"]
[Source "ChessBase"]
[SourceQuality "1"]
[TimeControl "180+2"]

1. e4 {[%emt 0:00:00]} e6 {[%emt 0:00:00]} 2. d4 {[%emt 0:00:01]} d5 {[%emt 0:00:00]} 3. exd5 {[%emt 0:00:01]} exd5 {[%emt 0:00:00]} 4. c4 {[%emt 0:00:02]} Nc6 {[%emt 0:00:01]} 5. c5 {[%emt 0:00:22]} Nf6 {[%emt 0:00:13]} 6. Nc3 {[%emt 0:00:02]} g6 {[%emt 0:00:45]} 7. Bb5 {[%emt 0:00:01]} Bg7 {[%emt 0:00:05]} 8. Nge2 {[%emt 0:00:02]} O-O {[%emt 0:00:08]} 9. O-O {[%emt 0:00:07]} Bd7 {[%emt 0:00:27]} 10. a3 {[%emt 0:00:15]} Ne7 {[%emt 0:00:08]} 11. Bd3 {[%emt 0:00:14]} c6 {[%emt 0:00:04]} 12. b4 {[%emt 0:00:02]} Bf5 {[%emt 0:00:03]} 13. Bg5 {[%emt 0:00:06]} h6 {[%emt 0:00:02]} 14. Bh4 {[%emt 0:00:01]} Qd7 {[%emt 0:00:07]} 15. Re1 {[%emt 0:00:02]} Rfe8 {[%emt 0:00:01]} 16. a4 {[%emt 0:00:11]} Bxd3 {[%emt 0:00:24]} 17. Qxd3 {[%emt 0:00:01]} Nf5 {[%emt 0:00:00]} 18. Bg3 {[%emt 0:00:07]} Ne4 {[%emt 0:00:06]} 19. b5 {[%emt 0:00:03]} Nxc3 {[%emt 0:00:10]} 20. Qxc3 {[%emt 0:00:01]} Re4 {[%emt 0:00:04]} 21. bxc6 {[%emt 0:00:02]} bxc6 {[%emt 0:00:01]} 22. Be5 {[%emt 0:00:10]} Bxe5 {[%emt 0:00:05]} 23. dxe5 {[%emt 0:00:02]} Rc4 {[%emt 0:00:03]} 24. Qa3 {[%emt 0:00:02]} Qe7 {[%emt 0:00:01]} 25. Ng3 {[%emt 0:00:12]} Nxg3 {[%emt 0:00:06]} 26. hxg3 {[%emt 0:00:04]} Qxc5 {[%emt 0:00:02]} 27. Qd3 {[%emt 0:00:01]} Re8 {[%emt 0:00:06]} 28. e6 {[%emt 0:00:01]} f5 {[%emt 0:00:01]} 29. Qd2 {[%emt 0:00:03]} Kh7 {[%emt 0:00:02]} 30. Qb2 {[%emt 0:00:03]} Re7 {[%emt 0:00:05]} 31. Qf6 {[%emt 0:00:02]} Re4 {[%emt 0:00:07]} 32. Rxe4 {[%emt 0:00:02]} fxe4 {[%emt 0:00:06]} 33. Rb1 {[%emt 0:00:02]} Rg7 {[%emt 0:00:05]} 34. Rb8 {[%emt 0:00:06]} Qe7 {[%emt 0:00:03]} 35. Qe5 {[%emt 0:00:03]} e3 {[%emt 0:00:09]} 36. Qxe3 {[%emt 0:01:36]} c5 37. a5 {[%emt 0:00:00]} d4 {[%emt 0:00:02]} 38. Qe4 {[%emt 0:00:00]} Qc7 {[%emt 0:00:01]} 39. Re8 {[%emt 0:00:00]} c4 {[%emt 0:00:02]} 40. e7 {[%emt 0:00:00]} c3 {[%emt 0:00:09]} 41. Rh8+ {[%emt 0:00:00]} Kxh8 {[%emt 0:00:00]} 42. e8=Q+ {[%emt 0:00:00]} Kh7 {[%emt 0:00:00]} 43. Qxd4 {[%emt 0:00:00]} c2 {[%emt 0:00:01]} 44. Qde4 {[%emt 0:00:00]} c1=Q+ {[%emt 0:00:01]} 45. Kh2 {[%emt 0:00:00]} Qg5 {[%emt 0:00:01]} 46. a6 {[%emt 0:00:00]} Qh5+ {[%emt 0:00:02]} 47. Kg1 {[%emt 0:00:00]} Qc1+ {[%emt 0:00:01]} 48. Qe1 {[%emt 0:00:00]} Qxe1+ {[%emt 0:00:01]} 49. Qxe1 {[%emt 0:00:00]} Qb5 {[%emt 0:00:00]} 50. Qe6 {[%emt 0:00:01]} Qb6 {[%emt 0:00:02]} 51. Qc4 {[%emt 0:00:01]} Qf6 {[%emt 0:00:01]} 52. g4 {[%emt 0:00:02]} Rf7 {[%emt 0:00:00]} 53. Qc5 {[%emt 0:00:01]} Qb6 {[%emt 0:00:02]} 54. Qd5 {[%emt 0:00:02]} Qxf2+ {[%emt 0:00:01]} 55. Kh1 {[%emt 0:00:00]} Qf1+ {[%emt 0:00:01]} 56. Kh2 {[%emt 0:00:01]} Qf6 {[%emt 0:00:00]} 57. Qb5 {[%emt 0:00:02]} Rg7 {[%emt 0:00:01]} 58. Qc4 {[%emt 0:00:02]} Qb6 {[%emt 0:00:01]} 59. Kh3 {[%emt 0:00:01]} Qd6 {[%emt 0:00:02]} 60. Qb5 {[%emt 0:00:02]} Rd7 {[%emt 0:00:01]} 61. g3 {[%emt 0:00:03]} Qe6 {[%emt 0:00:01]} 62. Qa5 {[%emt 0:00:08]} h5 {[%emt 0:00:40]} 0-1

[Event "EWIBCC 2019"]
[Site "Monte-Carlo"]
[Date "2019.11.29"]
[Round "3.9"]
[White "Kosteniuk, Alexandra"]
[Black "Zaksaite, Salomeja"]
[Result "1-0"]
[WhiteElo "2483"]
[BlackElo "2202"]
[Annotator "TA"]
[PlyCount "64"]
[EventDate "2019.11.29"]
[EventType "swiss"]
[EventCountry "MNC"]
[SourceTitle "playchess.com"]
[Source "ChessBase"]
[SourceQuality "1"]

{[%evp 12,64,28,22,18,14,22,22,22,14,33,37,46,25,41,31,32,24,33,36,20,0,22,29,17,30,31,24,37,21,70,9,17,10,12,13,43,36,43,38,63,28,33,14,25,16,50,50,50,41,55,49,83,88,371]} 1. e4 c5 2. c3 Nf6 3. e5 Nd5 4. Nf3 Nc6 5. Bc4 Nb6 6. Bb3 d6 7. exd6 e6 {B22: Sicilian: 2 c3} (7... Qxd6 8. O-O Be6 9. d4 cxd4 10. Na3 Bxb3 11. axb3 a6 12. Nxd4 Nxd4 13. Be3 Nf5 14. Qxd6 Nxd6 15. Bxb6 Rc8 16. Rad1 Rc6 17. Be3 e5 18. Rd5 f6 19. Rfd1 {½-½ (55) Vachier Lagrave,M (2778)-Carlsen,M (2882) Saint Louis 2019}) 8. O-O Bxd6 9. d4 cxd4 {The position is equal.} 10. Nxd4 Nxd4 11. Qxd4 {[#] Rd1 is the strong threat.} O-O 12. Rd1 Be7 13. Qe4 Qc7 14. Bf4 Qc6 15. Qxc6 bxc6 16. Nd2 Nd5 $146 ({Predecessor:} 16... Bb7) 17. Bg3 Ba6 18. Nc4 Bxc4 19. Bxc4 f5 20. Be5 Bf6 21. Re1 (21. Bxf6 $1 $14 Rxf6 22. Rd2) 21... Kf7 $11 22. Bb3 Rfd8 23. g3 Rd7 24. Re2 Bxe5 25. Rxe5 a5 26. Ba4 Rd6 27. Rd1 {[#] aiming for c4.} Rad8 28. c4 Nb6 29. Rxd6 Rxd6 30. Bb3 Rd2 {Threatens to win with ...a4.} ({But not} 30... a4 $6 31. c5 $16) 31. Rxa5 Rxb2 32. Rc5 f4 $2 {[%mdl 8192] Accuracy: White = 54%, Black = 54%.} (32... Nd7 $16 33. Rxc6 Ne5) 1-0

[Event "EWIBCC 2019"]
[Site "Monte-Carlo"]
[Date "2019.11.29"]
[Round "3.10"]
[White "Rogule, Laura"]
[Black "Bodnaruk, Anastasia"]
[Result "0-1"]
[WhiteElo "2293"]
[BlackElo "2412"]
[Annotator "NA"]
[PlyCount "42"]
[EventDate "2019.11.29"]
[EventType "swiss"]
[EventCountry "MNC"]
[SourceTitle "playchess.com"]
[Source "ChessBase"]
[SourceQuality "1"]
[TimeControl "180+2"]

1. c4 {[%emt 0:00:00]} e5 {[%emt 0:00:00]} 2. Nc3 {[%emt 0:00:00]} d6 {[%emt 0:00:00]} 3. g3 {[%emt 0:00:01]} Nc6 {[%emt 0:00:03]} 4. Bg2 {[%emt 0:00:01]} g6 {[%emt 0:00:01]} 5. e4 {[%emt 0:00:06]} Bg7 {[%emt 0:00:05]} 6. Nge2 {[%emt 0:00:01]} f5 {[%emt 0:00:04]} 7. d3 {[%emt 0:00:03]} Nf6 {[%emt 0:00:02]} 8. h3 {[%emt 0:00:23]} O-O {[%emt 0:00:05]} 9. Be3 {[%emt 0:00:04]} Be6 {[%emt 0:00:12]} 10. Qd2 {[%emt 0:00:10]} fxe4 {[%emt 0:00:41]} 11. Nxe4 {[%emt 0:00:02]} Nxe4 {[%emt 0:00:01]} 12. Bxe4 {[%emt 0:00:02]} d5 {[%emt 0:00:00]} 13. cxd5 {[%emt 0:00:05]} Bxd5 {[%emt 0:00:01]} 14. O-O {[%emt 0:00:16]} Qd7 {[%emt 0:00:11]} 15. Kh2 {[%emt 0:00:10]} Rad8 {[%emt 0:00:07]} 16. Rfd1 {[%emt 0:00:17]} Bxe4 {[%emt 0:00:08]} 17. dxe4 {[%emt 0:00:02]} Qxd2 {[%emt 0:00:01]} 18. Rxd2 {[%emt 0:00:15]} Rxd2 19. Bxd2 {[%emt 0:00:01]} Rxf2+ {[%emt 0:00:05]} 20. Kg1 {[%emt 0:00:02]} Rxe2 {[%emt 0:00:01]} 21. Bc3 {[%emt 0:00:01]} Nd4 {[%emt 0:00:06]} 0-1

[Event "EWIBCC 2019"]
[Site "Monte-Carlo"]
[Date "2019.11.29"]
[Round "3.11"]
[White "Muzychuk, Mariya"]
[Black "Zhukova, Natalia"]
[Result "0-1"]
[WhiteElo "2552"]
[BlackElo "2323"]
[Annotator "TA"]
[PlyCount "116"]
[EventDate "2019.11.29"]
[EventType "swiss"]
[EventCountry "MNC"]
[SourceTitle "playchess.com"]
[Source "ChessBase"]
[SourceQuality "1"]

{[%evp 18,116,8,6,7,-18,15,0,18,14,11,-7,0,-19,-16,-12,-7,-30,-7,-209,-211,-231,-119,-97,-104,-113,-120,-110,-64,-69,-68,-72,-65,-67,-67,-83,-91,-71,-8,-108,-107,-143,-89,-115,-124,-119,-58,-97,-97,-141,-111,-116,0,-143,-142,-167,-128,-136,-135,-150,-137,-180,-130,-130,-130,-130,-126,-146,-154,-156,-139,-242,-242,-312,-196,-289,-237,-247,-247,-209,-200,-261,-260,-253,-250,-863,-837,-29969,-29967,-29979,-29973,-29984,-29985,-29985,-29986,-29985,-29985,-29985,-29986,-29989,-29989]} 1. e4 e5 2. Nf3 Nc6 3. d4 exd4 4. Nxd4 Nf6 5. Nxc6 bxc6 6. e5 Qe7 7. Qe2 Nd5 8. c4 Nb6 9. Nc3 Qe6 10. Qe4 Bb7 {C45: Scotch Game} (10... Bb4 11. Bd2 Ba6 12. b3 Bxc3 13. Bxc3 d5 14. Qh4 dxc4 15. Be2 Nd5 16. Bxc4 g5 17. Qd4 Bxc4 18. Qxc4 O-O-O {½-½ (28) Xu,X (2585)-Naiditsch,A (2681) Changsha 2019}) 11. Bd2 Bb4 12. Bd3 O-O-O $1 {The position is equal.} 13. O-O c5 14. Qe2 d6 $1 15. exd6 $146 ({Predecessor:} 15. a3 Bxc3 16. Bxc3 dxe5 17. b3 e4 18. Bc2 {½-½ (56) Ivanov,V (2172)-Ponomarenko,M (2018) ICCF email 2014}) 15... Qxd6 16. Bf5+ Kb8 17. Rad1 {Bg5 is the strong threat.} Qf6 $36 {[%mdl 2048] Black fights for an advantage.} 18. Qg4 $2 (18. Bc2 $11) 18... Rd4 $19 19. Qg5 Qxg5 ({But not} 19... Nxc4 20. Qxf6 gxf6 21. Be3 $17) (19... Qd8 $19 {Threatens to win with ...f6.} 20. Qxd8+ Rhxd8) 20. Bxg5 $17 Nxc4 21. Rxd4 cxd4 22. Nb5 g6 23. Bc2 Bc5 24. Bf6 Re8 25. Nxd4 Nxb2 26. Rb1 Nc4 {White must now prevent ...Bxd4.} 27. Ba4 {[#]} Rf8 (27... Bxd4 $1 $17 {[%mdl 512]} 28. Bxd4 Re4) 28. Bc6 (28. Nc6+ $11 Ka8 29. Nd8) 28... Bb6 29. a4 {[#]} Na5 ({Black should play} 29... Bxc6 $1 30. Nxc6+ Kb7) 30. Bxb7 Kxb7 31. Re1 Nc6 (31... Bxd4 $17 32. Bxd4 Rd8) 32. Nxc6 Kxc6 $15 {[%mdl 4096] Endgame KRB-KRB} 33. Rc1+ Kb7 34. Re1 Kc6 35. Rc1+ Kd5 36. Rd1+ Ke6 37. Bh4 f5 38. h3 Re8 39. g4 h5 40. gxh5 gxh5 41. Kg2 c5 42. Kf3 Rc8 43. Re1+ Kd5 44. Rd1+ (44. Kf4 $17) 44... Kc4 $19 45. Kf4 Rf8 46. Rd7 (46. Ra1 $142) 46... Kb3 47. a5 Bxa5 48. Rxa7 Bd2+ 49. Ke5 c4 {aiming for ...Rb8.} 50. Rb7+ Kc2 51. Bf6 $2 (51. Be7 Rc8 52. Kxf5) 51... Bc3+ 52. Kxf5 Rxf6+ {KRB-KR. Black mates.} 53. Kg5 Rxf2 54. Kxh5 Bd4 55. h4 c3 56. Kg6 Rg2+ 57. Kf5 Kd3 58. h5 c2 {Accuracy: White = 28%, Black = 57%.} 0-1

[Event "EWIBCC 2019"]
[Site "Monte-Carlo"]
[Date "2019.11.29"]
[Round "3.13"]
[White "Ovod, Evgenija"]
[Black "Mkrtchian, Lilit"]
[Result "1/2-1/2"]
[WhiteElo "2347"]
[BlackElo "2402"]
[Annotator "NA"]
[PlyCount "78"]
[EventDate "2019.11.29"]
[EventType "swiss"]
[EventCountry "MNC"]
[SourceTitle "playchess.com"]
[Source "ChessBase"]
[SourceQuality "1"]
[TimeControl "180+2"]

1. e4 {[%emt 0:00:00]} e6 {[%emt 0:00:00]} 2. d4 {[%emt 0:00:00]} d5 {[%emt 0:00:00]} 3. Nd2 {[%emt 0:00:00]} Be7 {[%emt 0:00:01]} 4. Ngf3 {[%emt 0:00:04]} Nf6 {[%emt 0:00:01]} 5. e5 {[%emt 0:00:05]} Nfd7 {[%emt 0:00:02]} 6. Bd3 {[%emt 0:00:06]} c5 {[%emt 0:00:01]} 7. c3 {[%emt 0:00:02]} Nc6 {[%emt 0:00:01]} 8. O-O {[%emt 0:00:17]} a5 {[%emt 0:00:01]} 9. Re1 {[%emt 0:00:10]} cxd4 {[%emt 0:00:03]} 10. cxd4 {[%emt 0:00:06]} Qb6 {[%emt 0:00:02]} 11. Qa4 {[%emt 0:00:24]} g5 {[%emt 0:00:02]} 12. Nb3 {[%emt 0:00:21]} g4 {[%emt 0:00:06]} 13. Nfd2 {[%emt 0:00:09]} Qb4 {[%emt 0:00:28]} 14. Qxb4 {[%emt 0:00:07]} Nxb4 {[%emt 0:00:01]} 15. Bb5 {[%emt 0:00:32]} Nc2 {[%emt 0:00:03]} 16. Re2 {[%emt 0:00:34]} a4 {[%emt 0:00:19]} 17. Rb1 {[%emt 0:00:01]} axb3 {[%emt 0:00:02]} 18. Nxb3 {[%emt 0:00:02]} Nb4 {[%emt 0:00:10]} 19. a3 {[%emt 0:00:02]} Nc6 {[%emt 0:00:05]} 20. Be3 {[%emt 0:00:04]} Nb6 {[%emt 0:00:13]} 21. Rc1 {[%emt 0:00:03]} Bd7 {[%emt 0:00:01]} 22. Nc5 {[%emt 0:00:11]} Bxc5 {[%emt 0:00:07]} 23. Rxc5 {[%emt 0:00:03]} h5 {[%emt 0:00:40]} 24. Rec2 {[%emt 0:00:04]} f6 {[%emt 0:00:17]} 25. exf6 {[%emt 0:00:23]} Kf7 26. Bxc6 {[%emt 0:00:00]} Bxc6 {[%emt 0:00:02]} 27. Bg5 {[%emt 0:00:00]} Nd7 {[%emt 0:00:02]} 28. R5c3 {[%emt 0:00:00]} Rhg8 {[%emt 0:00:05]} 29. Bh4 {[%emt 0:00:00]} Nxf6 {[%emt 0:00:03]} 30. Bxf6 {[%emt 0:00:00]} Kxf6 {[%emt 0:00:01]} 31. g3 {[%emt 0:00:06]} Rgc8 {[%emt 0:00:05]} 32. Re3 {[%emt 0:00:05]} Bd7 {[%emt 0:00:03]} 33. Rce2 {[%emt 0:00:02]} Rc1+ {[%emt 0:00:59]} 34. Kg2 {[%emt 0:00:01]} Re8 {[%emt 0:00:00]} 35. Re5 {[%emt 0:00:03]} Bb5 {[%emt 0:00:00]} 36. R2e3 {[%emt 0:00:01]} Bf1+ {[%emt 0:00:00]} 37. Kg1 {[%emt 0:00:02]} Be2+ {[%emt 0:00:00]} 38. Kg2 {[%emt 0:00:02]} Bf3+ {[%emt 0:00:00]} 39. Rxf3+ gxf3+ {[%emt 0:00:00]} 1/2-1/2

[Event "EWIBCC 2019"]
[Site "Monte-Carlo"]
[Date "2019.11.29"]
[Round "3.14"]
[White "Semenova, Elena"]
[Black "Osmak, Iulija"]
[Result "0-1"]
[WhiteElo "2282"]
[BlackElo "2401"]
[Annotator "ChessBase"]
[PlyCount "94"]
[EventDate "2019.11.29"]
[EventType "swiss"]
[EventCountry "MNC"]
[SourceTitle "playchess.com"]
[Source "ChessBase"]
[SourceQuality "1"]
[TimeControl "180+2"]

1. e4 {[%emt 0:00:00]} Nc6 {[%emt 0:00:00]} 2. Nf3 {[%emt 0:00:01]} d6 {[%emt 0:00:00]} 3. d4 {[%emt 0:00:02]} Bg4 {[%emt 0:00:00]} 4. Bb5 {[%emt 0:00:08]} a6 {[%emt 0:00:07]} 5. Ba4 {[%emt 0:00:06]} b5 {[%emt 0:00:06]} 6. Bb3 {[%emt 0:00:01]} Nf6 {[%emt 0:00:12]} 7. h3 {[%emt 0:00:20]} Bh5 {[%emt 0:00:07]} 8. g4 {[%emt 0:00:19]} Bg6 {[%emt 0:00:01]} 9. Nc3 {[%emt 0:00:25]} e6 {[%emt 0:00:04]} 10. d5 {[%emt 0:00:23]} exd5 {[%emt 0:00:15]} 11. exd5 {[%emt 0:00:03]} Na5 {[%emt 0:00:06]} 12. Nd4 {[%emt 0:00:05]} Be7 {[%emt 0:00:05]} 13. h4 {[%emt 0:00:08]} h6 {[%emt 0:00:15]} 14. h5 {[%emt 0:00:24]} Bh7 {[%emt 0:00:02]} 15. Be3 {[%emt 0:00:04]} Qd7 {[%emt 0:00:15]} 16. f3 {[%emt 0:00:09]} O-O {[%emt 0:00:18]} 17. Qd2 {[%emt 0:00:01]} Nxb3 {[%emt 0:00:15]} 18. Nxb3 {[%emt 0:00:06]} c5 {[%emt 0:00:16]} 19. dxc6 {[%emt 0:00:10]} Qxc6 {[%emt 0:00:01]} 20. O-O-O {[%emt 0:00:08]} Qxf3 {[%emt 0:00:14]} 21. g5 {[%emt 0:00:06]} Ng4 {[%emt 0:00:06]} 22. Nd5 {[%emt 0:00:09]} Bxg5 {[%emt 0:00:19]} 23. Bxg5 hxg5 {[%emt 0:00:01]} 24. Rhf1 {[%emt 0:00:10]} Qe4 {[%emt 0:00:09]} 25. Rde1 {[%emt 0:00:01]} Qc4 {[%emt 0:00:04]} 26. Ne7+ {[%emt 0:00:11]} Kh8 {[%emt 0:00:00]} 27. Kb1 {[%emt 0:00:03]} Rae8 {[%emt 0:00:11]} 28. Nd4 {[%emt 0:00:02]} Ne5 {[%emt 0:00:05]} 29. Nef5 {[%emt 0:00:03]} f6 {[%emt 0:00:06]} 30. h6 {[%emt 0:00:01]} Bxf5 {[%emt 0:00:02]} 31. Nxf5 {[%emt 0:00:02]} Rd8 {[%emt 0:00:08]} 32. hxg7+ {[%emt 0:00:01]} Kg8 {[%emt 0:00:00]} 33. gxf8=Q+ Kxf8 34. Nd4 {[%emt 0:00:08]} Ke7 {[%emt 0:00:04]} 35. Qf2 {[%emt 0:00:03]} Rf8 {[%emt 0:00:02]} 36. b3 {[%emt 0:00:03]} Qc3 {[%emt 0:00:02]} 37. Qe3 {[%emt 0:00:01]} Qc7 {[%emt 0:00:03]} 38. Nf5+ {[%emt 0:00:03]} Ke6 {[%emt 0:00:02]} 39. Qe4 {[%emt 0:00:02]} d5 {[%emt 0:00:02]} 40. Nd4+ {[%emt 0:00:03]} Kd6 {[%emt 0:00:01]} 41. Qf5 {[%emt 0:00:01]} Qe7 {[%emt 0:00:03]} 42. Rxe5 {[%emt 0:00:04]} Qxe5 {[%emt 0:00:02]} 43. Qxe5+ Kxe5 44. Nc6+ Kd6 {[%emt 0:00:17]} 45. Nd4 {[%emt 0:00:10]} Ke5 46. Nc6+ Kd6 47. Nd4 {[%emt 0:00:04]} Ke5 0-1

[Event "EWIBCC 2019"]
[Site "Monte-Carlo"]
[Date "2019.11.29"]
[Round "3.15"]
[White "Antova, Gabriela"]
[Black "Muzychuk, Anna"]
[Result "0-1"]
[WhiteElo "2306"]
[BlackElo "2543"]
[Annotator "TA"]
[PlyCount "54"]
[EventDate "2019.11.29"]
[EventType "swiss"]
[EventCountry "MNC"]
[SourceTitle "playchess.com"]
[Source "ChessBase"]
[SourceQuality "1"]

{[%evp 10,54,31,11,8,17,31,52,17,0,24,13,2,4,10,7,-9,-47,-51,-102,-95,-86,-42,-37,-42,-50,33,8,50,-22,-14,-5,-10,-8,40,-47,-45,-91,-101,-91,-97,-457,-457,-537,-524,-487,-469]} 1. d4 f5 2. c4 Nf6 3. g3 g6 4. Bg2 Bg7 5. Nh3 d6 6. d5 c6 {A86: Dutch Defence: Leningrad System: Unusual lines and 5 Nh3} 7. O-O e5 8. dxe6 Bxe6 {White is slightly better.} 9. Qc2 (9. Qb3 Qb6 10. Ng5 Qxb3 11. axb3 Bg8 12. Bf4 h6 {1-0 (42) Li,C (2720)-Lu,S (2627) Doha 2016}) 9... O-O 10. Ng5 Qe7 11. Rd1 Na6 12. Bf4 Rad8 13. Nd2 $146 ({Predecessor:} 13. Nxe6 Qxe6 14. Be3 Nc5 15. Bd4 Ng4 16. h3 {½-½ (16) Korpics,Z (2330)-Geisler,F (2305) Budapest 1993}) 13... Bc8 14. Re1 (14. Ngf3 $15) 14... h6 $17 15. Ngf3 Nc5 16. Be3 Ng4 17. Bd4 Ne5 (17... Bxd4 $15 18. Nxd4 {[#]} Ne3 $1 {[%mdl 512]}) 18. Bc3 f4 19. Rad1 ({Better is} 19. Nxe5 $14 dxe5 20. Bb4) 19... Bf5 20. Qc1 g5 21. Nxe5 dxe5 22. b4 (22. Bb4 $14) 22... Na4 $15 23. Ne4 Nxc3 24. Qxc3 Rd4 $36 {[%mdl 2048] Black is really pushing.} 25. c5 $2 {[%mdl 8192] [#]} (25. f3 $17 {is a better chance.}) 25... Bxe4 $19 {Black is clearly winning.} 26. Rxd4 exd4 27. Qb3+ Kh8 {Accuracy: White = 28%, Black = 53%.} 0-1